| 000 | 00903nam a2200265 u 4500 | ||
|---|---|---|---|
| 001 | 63722 | ||
| 005 | 20180714070257.0 | ||
| 008 | 151110s2007 mx r 000 0 spa d | ||
| 020 | _a9789689074137 | ||
| 041 | _aspa | ||
| 082 | 0 |
_a199.8 _bMOR |
|
| 100 | 1 |
_aMorandé, Pedro _eautor |
|
| 245 | 1 | 0 |
_aAmérica Latina : Identidad y futuro : _bxv años ayudando a formar la conciencia social solidaria / _cPedro Morandé Court. |
| 250 | _a[Primera edición] | ||
| 264 | 1 |
_aMéxico : _bInstituto Mexicano de Doctrina Social Cristiana, _c2007 |
|
| 300 |
_a217 páginas ; _c23 cm. |
||
| 336 |
_atexto _2rdacontent |
||
| 337 |
_asin mediación _2rdamedia |
||
| 338 |
_avolumen _2rdacarrier |
||
| 490 | 0 |
_aAmérica Latina: memoria y futuro _v5 |
|
| 650 | 4 |
_aFilosofía _zAmérica Latina |
|
| 650 | 4 | _aIdentidad católica | |
| 650 | 4 | _aIdentidad cultural | |
| 650 | 4 | _aFilosofía cristiana | |
| 999 |
_c63722 _d63722 |
||